| 000 | 01239cad a22002055a 4500 | ||
|---|---|---|---|
| 001 | E150459 | ||
| 008 | 100715s2010 xxk 000 0 eng d | ||
| 020 | _a9780755994694 | ||
| 035 | _a(Sirsi) u150459 | ||
| 041 | 0 | _aeng | |
| 110 | 2 |
_aScotland _bScottish Government _95344 |
|
| 245 | 0 | 0 |
_aPartial business and regulatory impact assessment _bpermitted development rights for microgeneration equipment on non-domestic properties, consultation _h[electronic resource] |
| 260 |
_aEdinburgh _bScottish Government _c2010 |
||
| 520 | _aAssesses the potential impact on businesses of the Scottish Government's proposals to remove planning controls relating to the installation of microgeneration technologies on non-domestic properties. Its is hoped that the proposals will encourage the technology to be taken up more widely, whilst safeguarding the interests of neighbours and the surrounding built and natural environment. For the consultation see E150458. | ||
| 590 | _aKA | ||
| 651 | 4 |
_aScotland _y1999- |
|
| 690 | _aENVIRONMENTAL AND LAND CONSULTANCY-ENERGY-ENERGY USE-ENERGY EFFICIENCY | ||
| 856 | 4 | 0 |
_uhttps://www.scotland.gov.uk/Publications/2010/07/15092328/0 _zView the consultation free of charge at www.scotland.gov.uk |
| 942 | _n0 | ||
| 999 |
_c110879 _d110879 |
||